Principles of stellar structure (Record no. 4682)

MARC details
000 -LEADER
fixed length control field 00575nam a2200181Ia 4500
003 - CONTROL NUMBER IDENTIFIER
control field IN-BaIIA
008 - FIXED-LENGTH DATA ELEMENTS--GENERAL INFORMATION
fixed length control field 211028s9999 xx 000 0 eng d
040 ## - CATALOGING SOURCE
Transcribing agency IIA Library
080 ## - UNIVERSAL DECIMAL CLASSIFICATION NUMBER
Universal Decimal Classification number 524.3-5
Item number COX-1
100 ## - MAIN ENTRY--PERSONAL NAME
Personal name Cox, John P
9 (RLIN) 8289
245 #0 - TITLE STATEMENT
Title Principles of stellar structure
Remainder of title vol. 1, physical principles
Statement of responsibility, etc. John P. Cox and Thomas R. Giuli
260 ## - PUBLICATION, DISTRIBUTION, ETC.
Place of publication, distribution, etc. New York
Name of publisher, distributor, etc. Gordon and Breach Science
Date of publication, distribution, etc. 1968
300 ## - PHYSICAL DESCRIPTION
Extent xx, 568p.
650 ## - SUBJECT ADDED ENTRY--TOPICAL TERM
Topical term or geographic name entry element  Stellar structure
9 (RLIN) 8290
650 ## - SUBJECT ADDED ENTRY--TOPICAL TERM
Topical term or geographic name entry element Astronomy and astrophysics thesaurus 
9 (RLIN) 1143
700 ## - ADDED ENTRY--PERSONAL NAME
Personal name Giuli, Thomas R.
9 (RLIN) 8291
942 ## - ADDED ENTRY ELEMENTS (KOHA)
Koha item type Books
Holdings
Withdrawn status Lost status Damaged status Not for loan Home library Current library Shelving location Date acquired Total Checkouts Full call number Barcode Date last seen Price effective from Koha item type Purchase Price
        IIA Library-Bangalore IIA Library-Bangalore General Stacks 12/02/1975   524.3-5/ COX-1 5228 05/11/2021 12/02/1975 Books £ 27.20

Powered by Koha